[Event "Volgodonsk op"]
[Site "Volgodonsk"]
[Date "2007.07.23"]
[Round "5"]
[White "Petrov, Artur"]
[Black "Khmelnitski, Alexander"]
[Result "1/2-1/2"]
[WhiteElo "2225"]
[BlackElo "2466"]
[PlyCount "34"]
[EventDate "2007.07.19"]
[EventType "swiss"]
[EventRounds "9"]
[EventCountry "RUS"]
[SourceTitle "EXT 2010"]
[Source "ChessBase"]
[SourceDate "2010.11.25"]
[SourceVersion "1"]
[SourceVersionDate "2010.11.25"]
[SourceQuality "1"]

1. e4 e6 2. d4 d5 3. exd5 exd5 4. c4 Nf6 5. Nc3 Be7 6. Bd3 dxc4 7. Bxc4 0-0 8. Nge2 Nbd7 9. a3 Nb6 10. Ba2 Nfd5 11. 0-0 c6 12. Nf4 Bf6 13. Ncxd5 Nxd5 14. Nxd5 cxd5 15. Be3 Be6 16. Rc1 Qd7 17. Qd2 Rac8 1/2-1/2

[Event "Volgodonsk op"]
[Site "Volgodonsk"]
[Date "2007.07.22"]
[Round "4"]
[White "Khmelnitski, Alexander"]
[Black "Zhuk, Dmitry"]
[Result "1/2-1/2"]
[WhiteElo "2466"]
[BlackElo "2236"]
[PlyCount "63"]
[EventDate "2007.07.19"]
[EventType "swiss"]
[EventRounds "9"]
[EventCountry "RUS"]
[SourceTitle "EXT 2010"]
[Source "ChessBase"]
[SourceDate "2010.11.25"]
[SourceVersion "1"]
[SourceVersionDate "2010.11.25"]
[SourceQuality "1"]

1. d4 Nf6 2. Nf3 d5 3. c4 e6 4. g3 Be7 5. Bg2 0-0 6. 0-0 Ne4 7. Nbd2 f5 8. Ne5 Nxd2 9. Qxd2 c6 10. Qc2 Nd7 11. Nd3 Qe8 12. Rd1 g5 13. b4 Nb6 14. Ne5 Nd7 15. Rb1 Nxe5 16. dxe5 a6 17. f4 gxf4 18. Bxf4 Qg6 19. Qd2 Bd7 20. Qe3 b5 21. cxd5 exd5 22. Qb6 Rfb8 23. Qd4 Qe6 24. Qd2 Be8 25. Rb3 Bf8 26. Rf1 Rb7 27. Bh3 Bg7 28. Rc3 Bg6 29. Rfc1 Be8 30. Rf3 Rf7 31. Qc3 Bd7 32. Re3 1/2-1/2

[Event "Chigorin Memorial 13th"]
[Site "St Petersburg"]
[Date "2005.10.22"]
[Round "8"]
[White "Khmelnitski, Alexander"]
[Black "Ivanov, Alexey2222"]
[Result "0-1"]
[WhiteElo "2486"]
[BlackElo "2312"]
[PlyCount "128"]
[EventDate "2005.10.15"]
[EventType "swiss"]
[EventRounds "9"]
[EventCountry "RUS"]
[SourceTitle "CBM 108 Extra"]
[Source "ChessBase"]
[SourceDate "2005.11.04"]
[SourceVersion "1"]
[SourceVersionDate "2005.11.04"]
[SourceQuality "1"]

1. d4 Nf6 2. Nf3 e6 3. c4 d5 4. Bg5 dxc4 5. Qa4+ Nbd7 6. Nc3 a6 7. Qxc4 b5 8. Qb3 c5 9. dxc5 Nxc5 10. Qd1 Bb7 11. Qxd8+ Rxd8 12. Rc1 h6 13. Be3 Nce4 14. Nd2 Nxc3 15. bxc3 Ba3 16. Rc2 Nd5 17. Bd4 Nb4 18. cxb4 Rxd4 19. e3 Rd7 20. Rc3 Bxb4 21. Rd3 Rxd3 22. Bxd3 Bxg2 23. Rg1 Bd5 24. Ke2 Bxd2 25. Kxd2 Ke7 26. a3 Rd8 27. Kc3 g6 28. h4 h5 29. f4 Bc4 30. Be4 Rd7 31. Rg5 Rd1 32. Rc5 Re1 33. Kd4 Rd1+ 34. Kc3 Ra1 35. Rc7+ Kf6 36. Ra7 Rxa3+ 37. Kd4 Ra1 38. Bc6 Rd1+ 39. Kc5 e5 40. Rxa6 Kf5 41. fxe5 Kxe5 42. Ra8 Rc1 43. Kb4 Bd5 44. Re8+ Kd6 45. Bxd5 Kxd5 46. e4+ Kd6 47. Kxb5 Rh1 48. Kc4 Rxh4 49. Kd3 Rh1 50. Ke3 f6 51. Kf2 g5 52. Kg2 Rh4 53. Kg3 Kd7 54. Rh8 Rxe4 55. Rxh5 Ke6 56. Rh8 Kf5 57. Ra8 Re3+ 58. Kf2 Rb3 59. Ra5+ Kg6 60. Ra6 g4 61. Ra5 f5 62. Kg2 f4 63. Ra8 Rb2+ 64. Kg1 Kg5 0-1

[Event "Chigorin Memorial 13th"]
[Site "St Petersburg"]
[Date "2005.10.19"]
[Round "5"]
[White "Zakurdjaeva, Irina"]
[Black "Khmelnitski, Alexander"]
[Result "1/2-1/2"]
[WhiteElo "2307"]
[BlackElo "2486"]
[PlyCount "84"]
[EventDate "2005.10.15"]
[EventType "swiss"]
[EventRounds "9"]
[EventCountry "RUS"]
[SourceTitle "CBM 108 Extra"]
[Source "ChessBase"]
[SourceDate "2005.11.04"]
[SourceVersion "1"]
[SourceVersionDate "2005.11.04"]
[SourceQuality "1"]

1. e4 e6 2. d4 d5 3. Nc3 Bb4 4. e5 c5 5. a3 Bxc3+ 6. bxc3 Qa5 7. Bd2 Qa4 8. Qg4 g6 9. Qd1 Nd7 10. Nf3 b6 11. c4 dxc4 12. dxc5 Nxc5 13. Bb4 Ne7 14. Bxc4 Ba6 15. Bb3 Nxb3 16. cxb3 Qc6 17. Qc1 Qb5 18. Qd2 Rd8 19. a4 Qc6 20. Bd6 Nf5 21. Rc1 Qe4+ 22. Kd1 Nxd6 23. Re1 Qd3 24. Qxd3 Bxd3 25. exd6 Ba6 26. Rc7 Rxd6+ 27. Kc2 Rd7 28. Rc3 0-0 29. Ne5 Rd6 30. Nc6 Rd7 31. Ne5 Re7 32. Rc1 Bb7 33. g3 Rd8 34. Nc6 Bxc6 35. Rxc6 Red7 36. Kc3 Rd2 37. Rc2 R8d3+ 38. Kb4 a5+ 39. Ka3 Rxc2 40. Rxc2 Rf3 41. Rc6 Rxf2 42. Rxb6 Kf8 1/2-1/2

[Event "Chigorin Memorial 13th"]
[Site "St Petersburg"]
[Date "2005.10.18"]
[Round "4"]
[White "Khmelnitski, Alexander"]
[Black "Melnikov, Dmitry"]
[Result "1/2-1/2"]
[WhiteElo "2486"]
[BlackElo "2327"]
[PlyCount "62"]
[EventDate "2005.10.15"]
[EventType "swiss"]
[EventRounds "9"]
[EventCountry "RUS"]
[SourceTitle "CBM 108 Extra"]
[Source "ChessBase"]
[SourceDate "2005.11.04"]
[SourceVersion "1"]
[SourceVersionDate "2005.11.04"]
[SourceQuality "1"]

1. d4 f5 2. Nc3 d5 3. Bg5 g6 4. e3 Bg7 5. h4 h6 6. Bf4 Nf6 7. Nf3 0-0 8. Bd3 c6 9. Ne2 Nbd7 10. Ne5 Nxe5 11. Bxe5 Ng4 12. Bxg7 Kxg7 13. Nf4 e5 14. dxe5 Nxe5 15. Be2 Qf6 16. Qd4 Kh7 17. Nd3 Nxd3+ 18. Bxd3 Be6 19. 0-0-0 Kg7 20. Be2 b6 21. Qf4 Rf7 22. Rd2 Rd8 23. Rhd1 Rfd7 24. Kb1 Bf7 25. Qd4 c5 26. Qxf6+ Kxf6 27. g3 Be6 28. c3 Ke5 29. Bb5 Rd6 30. Bf1 Bf7 31. Bg2 R8d7 1/2-1/2

[Event "Chigorin Memorial 13th"]
[Site "St Petersburg"]
[Date "2005.10.16"]
[Round "2"]
[White "Khmelnitski, Alexander"]
[Black "Kharitonov, Egor"]
[Result "1-0"]
[WhiteElo "2486"]
[BlackElo "2217"]
[PlyCount "93"]
[EventDate "2005.10.15"]
[EventType "swiss"]
[EventRounds "9"]
[EventCountry "RUS"]
[SourceTitle "CBM 108 Extra"]
[Source "ChessBase"]
[SourceDate "2005.11.04"]
[SourceVersion "1"]
[SourceVersionDate "2005.11.04"]
[SourceQuality "1"]

1. d4 Nf6 2. Nf3 g6 3. c4 Bg7 4. Nc3 d5 5. Bg5 Ne4 6. Bh4 Nxc3 7. bxc3 c5 8. cxd5 Qxd5 9. e3 cxd4 10. cxd4 Nc6 11. Be2 0-0 12. 0-0 e5 13. dxe5 Qxd1 14. Rfxd1 Nxe5 15. Nd4 Bd7 16. Rab1 b6 17. Rdc1 Rfc8 18. Ba6 Rc5 19. Nb3 Rxc1+ 20. Rxc1 Be6 21. Rc2 Nd7 22. Nd4 Bd5 23. Nc6 Be4 24. Ne7+ Kh8 25. Rc7 Ne5 26. Nc8 Bd5 27. f4 Ng4 28. Rd7 Bf6 29. Rxd5 Bxh4 30. g3 Bf6 31. e4 Bc3 32. e5 Bb4 33. Rd7 Kg7 34. Kg2 Bc5 35. a4 g5 36. h3 Ne3+ 37. Kf3 gxf4 38. gxf4 Kf8 39. Rd8+ Kg7 40. Rd7 Kf8 41. Ke4 Nc2 42. f5 Nb4 43. Bb7 Ke8 44. e6 fxe6 45. fxe6 Rb8 46. Rxh7 Bf8 47. e7 1-0

[Event "Voronezh op 8th"]
[Site "Voronezh"]
[Date "2004.06.16"]
[Round "5"]
[White "Khmelnitski, Alexander"]
[Black "Ismagambetov, Anuar"]
[Result "1-0"]
[WhiteElo "2492"]
[BlackElo "2244"]
[PlyCount "86"]
[EventDate "2004.06.12"]
[EventType "swiss"]
[EventRounds "9"]
[EventCountry "RUS"]
[SourceTitle "EXT 2005"]
[Source "ChessBase"]
[SourceDate "2004.11.15"]
[SourceVersion "1"]
[SourceVersionDate "2004.11.15"]
[SourceQuality "1"]

1. d4 Nf6 2. c4 e6 3. g3 d5 4. Nf3 Be7 5. Bg2 0-0 6. 0-0 dxc4 7. Qc2 a6 8. a4 Bd7 9. Qxc4 Bc6 10. Bg5 Bd5 11. Qd3 Be4 12. Qd1 Nbd7 13. Nc3 Bg6 14. Nh4 c6 15. Nxg6 hxg6 16. Qb3 Qb6 17. Qxb6 Nxb6 18. e4 a5 19. b3 Rfd8 20. Rfd1 Kf8 21. h3 Rdc8 22. Be3 Nbd7 23. Rac1 Nb8 24. g4 Na6 25. f4 Rab8 26. Ne2 Nb4 27. Ng3 b5 28. g5 Nd7 29. f5 bxa4 30. fxe6 fxe6 31. bxa4 Nb6 32. h4 Re8 33. Bf4 Rb7 34. Bh3 Nxa4 35. Bxe6 Rd8 36. h5 gxh5 37. Rf1 Ke8 38. Nxh5 Rxd4 39. Nxg7+ Kd8 40. Bf5 Rd3 41. Ne6+ Ke8 42. g6 Bf8 43. Be5 Rdd7 1-0

[Event "Voronezh op 5th"]
[Site "Voronezh"]
[Date "2001.06.16"]
[Round "5"]
[White "Chebotarev, Oleg"]
[Black "Khmelnitski, Alexander"]
[Result "0-1"]
[WhiteElo "2306"]
[BlackElo "2452"]
[PlyCount "120"]
[EventDate "2001.06.12"]
[EventType "swiss"]
[EventRounds "9"]
[EventCountry "RUS"]
[SourceTitle "EXT 2002"]
[Source "ChessBase"]
[SourceDate "2001.11.25"]
[SourceVersion "1"]
[SourceVersionDate "2001.11.25"]
[SourceQuality "1"]

1. e4 c5 2. Nf3 Nc6 3. d3 g6 4. g3 Bg7 5. Bg2 d6 6. c3 Nf6 7. 0-0 0-0 8. h3 c4 9. dxc4 Nxe4 10. Nd4 Nf6 11. c5 dxc5 12. Nxc6 bxc6 13. Qxd8 Rxd8 14. Be3 Rb8 15. b3 Ba6 16. Rc1 Nd7 17. Nd2 f5 18. Nf3 h6 19. Ne1 Rbc8 20. Rab1 e5 21. Rd1 e4 22. c4 Bf8 23. Rd2 Ne5 24. Rbd1 Rxd2 25. Rxd2 Re8 26. Re2 Bc8 27. f3 exf3 28. Nxf3 Nd3 29. Kf1 Kf7 30. Bd2 Bg7 31. Rxe8 Kxe8 32. Ke2 Nb4 33. Bxb4 cxb4 34. Nh4 g5 35. Bxc6+ Ke7 36. Nf3 Kd6 37. Bd5 a5 38. Ke3 f4+ 39. gxf4 gxf4+ 40. Kxf4 Bxh3 41. Bf7 Bc3 42. Ke4 Bg4 43. Nh4 h5 44. Nf5+ Kc5 45. Ne3 Be2 46. Nf5 Be1 47. Nd4 Bg4 48. Be6 Bd1 49. Bd5 Bf2 50. Ne6+ Kd6 51. Nd8 Bc2+ 52. Kf3 Bb6 53. Nf7+ Ke7 54. Ne5 Bb1 55. Be4 Bxa2 56. Bc2 a4 57. bxa4 b3 58. Be4 b2 59. a5 Bc5 60. a6 Kd6 0-1

[Event "Voronezh op 5th"]
[Site "Voronezh"]
[Date "2001.06.13"]
[Round "2"]
[White "Khmelnitski, Alexander"]
[Black "Kobylkin, Evgeni"]
[Result "0-1"]
[WhiteElo "2452"]
[BlackElo "2355"]
[PlyCount "94"]
[EventDate "2001.06.12"]
[EventType "swiss"]
[EventRounds "9"]
[EventCountry "RUS"]
[SourceTitle "EXT 2002"]
[Source "ChessBase"]
[SourceDate "2001.11.25"]
[SourceVersion "1"]
[SourceVersionDate "2001.11.25"]
[SourceQuality "1"]

1. d4 Nf6 2. Nf3 g6 3. g3 Bg7 4. Bg2 0-0 5. 0-0 d6 6. Nc3 Nbd7 7. e4 e5 8. Re1 c6 9. a4 a5 10. h3 Re8 11. Bg5 Qb6 12. dxe5 dxe5 13. Qd2 Nc5 14. Be3 Qb4 15. Na2 Qxd2 16. Nxd2 Bf8 17. Nc3 Be6 18. Bf1 Ncd7 19. Rad1 Bb4 20. Ncb1 Bc5 21. b3 Red8 22. Bxc5 Nxc5 23. f3 Rd4 24. Nc4 Bxc4 25. Bxc4 Rad8 26. Rxd4 Rxd4 27. Nc3 Nfd7 28. Rd1 Nb6 29. Be2 Ne6 30. Kf2 Kf8 31. Rxd4 Nxd4 32. Bd1 c5 33. f4 f6 34. Ne2 Ke7 35. fxe5 fxe5 36. Ke3 Kd6 37. h4 Nxe2 38. Bxe2 c4 39. b4 Nxa4 40. bxa5 Kc5 41. Bg4 Kb4 42. Bc8 Kxa5 43. Bxb7 Kb4 44. Bd5 Kc3 45. Bg8 h6 46. Bf7 Nb6 47. Bxg6 Kxc2 0-1

[Event "RUS-Cup"]
[Site "Bor"]
[Date "2000.??.??"]
[Round "2"]
[White "Afinogenov, Andrey Y"]
[Black "Khmelnitski, Alexander"]
[Result "0-1"]
[WhiteElo "2322"]
[BlackElo "2453"]
[PlyCount "70"]
[EventDate "2000.06.??"]
[EventType "swiss"]
[EventRounds "9"]
[EventCountry "RUS"]
[SourceTitle "EXT 2001"]
[Source "ChessBase"]
[SourceDate "2000.11.22"]
[SourceVersion "1"]
[SourceVersionDate "2000.11.22"]
[SourceQuality "1"]

1. e4 c5 2. Nc3 Nc6 3. f4 e6 4. Nf3 Nge7 5. g3 d5 6. Bg2 g6 7. 0-0 dxe4 8. Nxe4 Bg7 9. Kh1 b6 10. a3 0-0 11. Rb1 Bb7 12. d3 a5 13. Bd2 Qc7 14. Bc3 Nd4 15. Qd2 Nef5 16. Qf2 Rfd8 17. Rbe1 Nxf3 18. Qxf3 Nd4 19. Nf6+ Bxf6 20. Qxb7 Qxb7 21. Bxb7 Ra7 22. Bg2 b5 23. b3 b4 24. axb4 cxb4 25. Bxd4 Bxd4 26. Bf3 h5 27. Kg2 a4 28. bxa4 Rxa4 29. Rb1 Bc3 30. Rf2 Kg7 31. Re2 Ra2 32. Rf2 Kf6 33. Re2 Rd7 34. Rf2 Ke7 35. Bc6 Rc7 0-1

[Event "RUS-Cup"]
[Site "Minsk"]
[Date "2000.??.??"]
[Round "9"]
[White "Khmelnitski, Alexander"]
[Black "Litvinov, Vladimir"]
[Result "1/2-1/2"]
[WhiteElo "2453"]
[BlackElo "2368"]
[PlyCount "57"]
[EventDate "2000.??.??"]
[EventType "swiss"]
[EventRounds "9"]
[EventCountry "BLR"]
[SourceTitle "EXT 2001"]
[Source "ChessBase"]
[SourceDate "2000.11.22"]
[SourceVersion "1"]
[SourceVersionDate "2000.11.22"]
[SourceQuality "1"]

1. d4 Nf6 2. Nf3 g6 3. Bg5 Bg7 4. Nbd2 d6 5. e4 0-0 6. c3 Nc6 7. Be2 e5 8. dxe5 Nxe5 9. Nxe5 dxe5 10. 0-0 Be6 11. Qc2 c6 12. Rfd1 Qc7 13. Bc4 Bxc4 14. Nxc4 b5 15. Ne3 h6 16. Bh4 Rfd8 17. a4 a6 18. h3 Rxd1+ 19. Rxd1 Rd8 20. Rxd8+ Qxd8 21. axb5 axb5 22. Ng4 g5 23. Bg3 Nxg4 24. hxg4 Qa8 25. b4 c5 26. bxc5 Qc6 27. f3 Qxc5+ 28. Bf2 Qc4 29. Qd2 1/2-1/2

[Event "RUS-Cup"]
[Site "Bor"]
[Date "2000.??.??"]
[Round "3"]
[White "Khmelnitski, Alexander"]
[Black "Nizamov, Ildar"]
[Result "1/2-1/2"]
[WhiteElo "2453"]
[BlackElo "2393"]
[PlyCount "34"]
[EventDate "2000.06.??"]
[EventType "swiss"]
[EventRounds "9"]
[EventCountry "RUS"]
[SourceTitle "EXT 2001"]
[Source "ChessBase"]
[SourceDate "2000.11.22"]
[SourceVersion "1"]
[SourceVersionDate "2000.11.22"]
[SourceQuality "1"]

1. d4 e6 2. e4 c5 3. d5 exd5 4. exd5 d6 5. Nc3 Nf6 6. Nf3 Be7 7. Be2 0-0 8. Nd2 Na6 9. Nc4 Nc7 10. a4 b6 11. 0-0 Ba6 12. Bf4 Qd7 13. Qd2 Rfe8 14. Rfe1 Bf8 15. b3 h6 16. h3 Rab8 17. Bh2 Bxc4 1/2-1/2

[Event "Voronezh op-A"]
[Site "Voronezh"]
[Date "2000.??.??"]
[Round "3"]
[White "Khmelnitski, Alexander"]
[Black "Provkin, Vladimir"]
[Result "1/2-1/2"]
[WhiteElo "2453"]
[BlackElo "2291"]
[PlyCount "75"]
[EventDate "2000.06.??"]
[EventType "swiss"]
[EventRounds "9"]
[EventCountry "RUS"]
[SourceTitle "EXT 2001"]
[Source "ChessBase"]
[SourceDate "2000.11.22"]
[SourceVersion "1"]
[SourceVersionDate "2000.11.22"]
[SourceQuality "1"]

1. d4 Nf6 2. c4 g6 3. Nc3 Bg7 4. e4 d6 5. Nf3 0-0 6. Be2 e5 7. 0-0 Nh5 8. dxe5 dxe5 9. Qxd8 Rxd8 10. Nd5 Rd7 11. Rd1 Na6 12. Bg5 f6 13. Be3 c6 14. Nc3 Nf4 15. Bf1 Rxd1 16. Rxd1 Bg4 17. c5 Bf8 18. Bc4+ Kh8 19. Na4 Re8 20. Rd2 Ne6 21. Bxa6 bxa6 22. Ne1 Nc7 23. Nc2 a5 24. b3 Be6 25. f3 f5 26. Ne1 Nb5 27. Nc2 Bg7 28. Rd3 Bf6 29. Nb2 Rd8 30. Bd2 fxe4 31. fxe4 Nd4 32. Bxa5 Re8 33. Nxd4 exd4 34. Bc7 Bg4 35. e5 Bxe5 36. Bxe5+ Rxe5 37. h3 Be6 38. Rxd4 1/2-1/2

[Event "RUS-Cup"]
[Site "Minsk"]
[Date "2000.??.??"]
[Round "2"]
[White "Khmelnitski, Alexander"]
[Black "Ratkovich, Igor"]
[Result "1/2-1/2"]
[WhiteElo "2453"]
[BlackElo "2252"]
[PlyCount "78"]
[EventDate "2000.??.??"]
[EventType "swiss"]
[EventRounds "9"]
[EventCountry "BLR"]
[SourceTitle "EXT 2001"]
[Source "ChessBase"]
[SourceDate "2000.11.22"]
[SourceVersion "1"]
[SourceVersionDate "2000.11.22"]
[SourceQuality "1"]

1. d4 d6 2. Nf3 g6 3. c4 Bg7 4. Nc3 Bg4 5. g3 Qc8 6. h3 Bd7 7. Bg2 Na6 8. Bg5 f6 9. Bd2 e5 10. h4 Bg4 11. Qb3 Rb8 12. Nb5 Qd7 13. c5 d5 14. Bc3 e4 15. Nh2 Be6 16. Nf1 f5 17. Bd2 Nf6 18. Bf4 Nh5 19. e3 Nxf4 20. gxf4 h5 21. Qa4 0-0 22. Nd2 Ra8 23. Bf1 Nb8 24. Rc1 a6 25. Nc3 Qe7 26. Qb3 c6 27. Na4 Bf6 28. Be2 Qc7 29. Qb6 Qc8 30. Qb4 Nd7 31. Nb3 Be7 32. Qa5 Rb8 33. Kd2 Nf6 34. Rc3 Kg7 35. Nb6 Qe8 36. Na4 Bd8 37. Qb4 Be7 38. Qa5 Rf7 39. Nc1 Kg8 1/2-1/2

[Event "RUS-Cup"]
[Site "Bor"]
[Date "2000.??.??"]
[Round "9"]
[White "Khmelnitski, Alexander"]
[Black "Shinkevich, Vitaly"]
[Result "1/2-1/2"]
[WhiteElo "2453"]
[BlackElo "2440"]
[PlyCount "73"]
[EventDate "2000.06.??"]
[EventType "swiss"]
[EventRounds "9"]
[EventCountry "RUS"]
[SourceTitle "EXT 2001"]
[Source "ChessBase"]
[SourceDate "2000.11.22"]
[SourceVersion "1"]
[SourceVersionDate "2000.11.22"]
[SourceQuality "1"]

1. d4 Nf6 2. Nf3 g6 3. c4 Bg7 4. Nc3 0-0 5. e4 d6 6. Be2 e5 7. 0-0 Nc6 8. Be3 Ng4 9. Bg5 f6 10. Bc1 Nh6 11. dxe5 dxe5 12. Be3 Nf7 13. Qxd8 Nfxd8 14. c5 Be6 15. Nd5 Rc8 16. Rad1 a6 17. Ne1 f5 18. f3 Bf7 19. Nc2 Ne6 20. Rd2 Rfe8 21. Bd3 Ned4 22. b4 Nxc2 23. Bxc2 Nd4 24. Bb3 Nxb3 25. axb3 f4 26. Bf2 g5 27. Rd3 Be6 28. Rc1 c6 29. Nb6 Rcd8 30. Rcd1 Bf6 31. Nc4 Rxd3 32. Rxd3 Bxc4 33. bxc4 Rd8 34. Rxd8+ Bxd8 35. Be1 Kf7 36. Kf1 Ke6 37. Ke2 1/2-1/2

[Event "Chigorin Memorial 07th"]
[Site "St Petersburg"]
[Date "1999.11.10"]
[Round "9"]
[White "Khmelnitski, Alexander"]
[Black "Babaev, Rashad"]
[Result "1-0"]
[WhiteElo "2444"]
[BlackElo "2353"]
[PlyCount "61"]
[EventDate "1999.11.02"]
[EventType "swiss"]
[EventRounds "9"]
[EventCountry "RUS"]
[SourceTitle "CBM 074"]
[Source "ChessBase"]
[SourceDate "2000.02.01"]
[SourceVersion "1"]
[SourceVersionDate "2000.02.01"]
[SourceQuality "1"]

1. d4 Nf6 2. c4 g6 3. Nc3 Bg7 4. e4 d6 5. Nf3 0-0 6. Be2 e5 7. Be3 Ng4 8. Bg5 f6 9. Bh4 Nc6 10. dxe5 dxe5 11. Qxd8 Nxd8 12. Nd2 c6 13. Nb3 Nh6 14. f3 Ne6 15. Bf2 Rd8 16. Rd1 Rxd1+ 17. Kxd1 f5 18. Kc1 Nd4 19. Rd1 fxe4 20. Nxd4 exd4 21. Nxe4 Be6 22. Bxd4 Bxd4 23. Rxd4 Nf5 24. Rd2 Ne3 25. Nc5 Bxc4 26. Bxc4+ Nxc4 27. Rd7 Ne3 28. Rxb7 Rf8 29. Rxa7 Nxg2 30. a4 Rxf3 31. a5 1-0

[Event "RUS-chT 04th"]
[Site "Azov"]
[Date "1996.??.??"]
[Round "4"]
[White "Iljushin, Alexei"]
[Black "Khmelnitski, Alexander"]
[Result "1/2-1/2"]
[WhiteElo "2400"]
[BlackElo "2435"]
[PlyCount "38"]
[EventDate "1996.??.??"]
[EventType "team-tourn"]
[EventRounds "7"]
[EventCountry "RUS"]
[SourceTitle "EXT 2020"]
[Source "ChessBase"]
[SourceDate "2019.10.17"]
[SourceVersion "1"]
[SourceVersionDate "2019.10.17"]
[SourceQuality "1"]
[WhiteTeam "Saratov GShK"]
[BlackTeam "Ekaterinburg Agat"]
[WhiteTeamCountry "RUS"]
[BlackTeamCountry "RUS"]

1. d4 Nf6 2. Nf3 e6 3. g3 c5 4. Bg2 d5 5. c4 cxd4 6. Nxd4 e5 7. Nb3 d4 8. e3 d3 9. Nc3 Bb4 10. Bd2 Bg4 11. Bf3 Bxf3 12. Qxf3 Nc6 13. a3 Bxc3 14. Bxc3 0-0 15. Nd2 Qe7 16. 0-0 a5 17. Rad1 Qe6 18. e4 Rfd8 19. Kg2 a4 1/2-1/2

[Event "RUS-chT 04th"]
[Site "Azov"]
[Date "1996.??.??"]
[Round "6"]
[White "Zakharov, Alexander V"]
[Black "Khmelnitski, Alexander"]
[Result "1/2-1/2"]
[WhiteElo "2375"]
[BlackElo "2435"]
[PlyCount "45"]
[EventDate "1996.??.??"]
[EventType "team-tourn"]
[EventRounds "7"]
[EventCountry "RUS"]
[SourceTitle "EXT 2020"]
[Source "ChessBase"]
[SourceDate "2019.10.17"]
[SourceVersion "1"]
[SourceVersionDate "2019.10.17"]
[SourceQuality "1"]
[WhiteTeam "Rostov on Don"]
[BlackTeam "Ekaterinburg Agat"]
[WhiteTeamCountry "RUS"]
[BlackTeamCountry "RUS"]

1. d4 Nf6 2. c4 e6 3. Nf3 c5 4. e3 d5 5. Nc3 Nc6 6. a3 Ne4 7. Bd3 Nxc3 8. bxc3 dxc4 9. Bxc4 Be7 10. 0-0 0-0 11. Qe2 b6 12. Rd1 cxd4 13. cxd4 Na5 14. Ba2 Bb7 15. Bb2 Bd5 16. Bc3 Nb7 17. e4 Bxa2 18. Qxa2 Rc8 19. Bb4 Bxb4 20. axb4 a5 21. bxa5 Nxa5 22. d5 exd5 23. Rxd5 1/2-1/2